no body, no crime lyrics - Statistics

General Stats
  • This quiz has been taken 143 times
  • The average score is 341 of 371
Answer Stats
Lyrics % Correct
a
100%
and
100%
And
100%
did
100%
He
100%
he
100%
I
100%
"I
100%
it
100%
it"
100%
me
100%
me,
100%
my
100%
of
100%
She
100%
she
100%
("She
100%
friend
99%
but
97%
But
97%
Este
97%
his
97%
in
97%
just
97%
mine
97%
No,
97%
no
97%
the
97%
up
97%
when
97%
body,
96%
can't
96%
crime
96%
every
96%
for
96%
Her
96%
her
96%
on
96%
prove
96%
think
96%
We
96%
die
95%
Este's
95%
glass
95%
sleep
95%
Tuesday
95%
was
95%
night
93%
wine
93%
ain't
92%
day
92%
meet
92%
out
92%
dinner
91%
gonna
91%
like
91%
mistress
91%
smells
91%
been
89%
losing
89%
there
89%
until
89%
husband's
88%
infidelity
88%
bed
87%
him
87%
house,
87%
I'm
87%
says,
87%
wasn't
87%
account"
85%
our
85%
"That
85%
to
85%
moved
84%
with
83%
got
81%
is
81%
Sleeps
81%
They
81%
they
81%
at
80%
joint
80%
new
80%
wife
80%
acting
79%
call
79%
daddy
79%
doubt
79%
Good
79%
know
79%
sister
79%
tires
79%
anywhere
77%
brand
77%
everything
77%
missing
77%
thing
77%
get
76%
letting
76%
some
76%
different
75%
fifteen
75%
Garden,
75%
how
75%
jewelry
75%
job,
75%
Olive
75%
or
75%
thinks
75%
I've
73%
mouth"
73%
swear
73%
died
72%
license
72%
reports
72%
truck
72%
cleaned
71%
enough
71%
has
71%
houses
71%
made
71%
boating
69%
cover
69%
dude")
69%
policy
69%
scene
69%
insurance
68%
catch
67%
life
67%
took
67%
big
65%
passed
64%
merlot
63%
Somebody's
60%
gotta
59%
'Cause
57%
noticed
52%
No matching quizzes found
Score Distribution
Percent of People with Each Score
Percentile by Number Answered
Your Score History
You have not taken this quiz